A companion to second-century Christian "heretics" /
The book illuminates "the other side" of early Christianity by examining thinkers and movements that were embraced by many second-century religious seekers as legitimate forms of Christianity, but which are now largely forgotten, or are known only from the characteristics attributed to the...
مؤلفون آخرون: ,
التنسيق: كتاب الكتروني
اللغة: English
منشور في:
Leiden ; Boston :
Brill.
c2008.
الموضوعات:
الوصول للمادة أونلاين: Login to view Source
الوسوم: إضافة وسم
رقم الطلب: BT1319 .C65 2008
| LEADER | 03574nam a2200481 i 4500 | ||
|---|---|---|---|
| 001 | BRILL9789004186866 | ||
| 003 | nllekb | ||
| 005 | 20210602095932.0 | ||
| 006 | m d | ||
| 007 | cr un uuuua | ||
| 008 | 080616s2008 ne sb 001 0deng | ||
| 010 | |a 2008026655 | ||
| 020 | |a 9789004186866 |q (electronic book) | ||
| 020 | |z 9789004170384 |q (print) | ||
| 024 | 7 | |a 10.1163/ej.9789004170384.i-386 |2 DOI | |
| 035 | |a (OCoLC)232536717 | ||
| 040 | |a NL-LeKB |c NL-LeKB |e rda | ||
| 050 | 4 | |a BT1319 |b .C65 2008 | |
| 082 | 0 | 4 | |a 273/.1 |2 22 |
| 245 | 0 | 2 | |a A companion to second-century Christian "heretics" / |c edited by Antti Marjanen and Petri Luomanen. |
| 264 | 1 | |a Leiden ; |a Boston : |b Brill. | |
| 264 | 4 | |c c2008. | |
| 300 | |a 1 online resource. | ||
| 336 | |a text |b txt |2 rdacontent | ||
| 337 | |a computer |b c |2 rdamedia | ||
| 338 | |a online resource |2 rdacarrier | ||
| 490 | 0 | |a Brill eBook titles 2008 | |
| 504 | |a Includes bibliographical references and index. | ||
| 505 | 0 | 0 | |t Preliminary Material -- |t Basilides the Gnostic / |r Birger A. Pearson -- |t Sethianism / |r Michael A. Williams -- |t The School of Valentinus / |r Ismo Dunderberg -- |t Marcion / |r Heikki Räisänen -- |t Tatian the Assyrian / |r William L. Petersen -- |t Bardaisan of Edessa / |r Nicola Denzey -- |t Montanism: Egalitarian Ecstatic "New Prophecy" / |r Antti Marjanen -- |t Cerinthus / |r Matti Myllykoski -- |t Ebionites / |r Sakari Häkkinen -- |t Nazarenes / |r Petri Luomanen -- |t Jewish Christianity of the Pseudo-Clementines / |r F. Stanley Jones -- |t Elchasaites and Their Book / |r Gerard P. Luttikhuizen -- |t Notes on Contributors -- |t Index of Modern Authors -- |t General Index. |
| 506 | 1 | |a Available to subscribing member institutions only. | |
| 520 | |a The book illuminates "the other side" of early Christianity by examining thinkers and movements that were embraced by many second-century religious seekers as legitimate forms of Christianity, but which are now largely forgotten, or are known only from the characteristics attributed to them in the writings of their main adversaries. The collection deals with the following teachers and movements: Basilides, Sethianism, Valentinus' school, Marcion, Tatian, Bardaisan, Montanists, Cerinthus, Ebionites, Nazarenes, Jewish-Christianity of the Pseudo-Clementines , and Elchasites. Where appropriate, the authors have included an overview of the life and significant publications of the "heretics," along with a description of their theologies and movements. Therefore, this volume can serve as a handbook of the second-century "heretics" and their "heresies." Since all the chapters have been written by specialists who wrestle daily with their research themes, the contributions also offer new perspectives and insights stimulating further discussion on this fascinating-but often neglected-side of early Christianity. | ||
| 650 | 0 | |a Christian heresies. | |
| 650 | 0 | |a Christian heretics |v Biography. | |
| 650 | 0 | |a Church history |y Primitive and early church, ca. 30-600. | |
| 700 | 1 | |a Luomanen, Petri, |d 1961- | |
| 700 | 1 | |a Marjanen, Antti. | |
| 776 | 0 | |t Companion to second-century Christian "heretics" |z 9789004170384 (pbk. : alk. paper) |z 9004170383 (pbk. : alk. paper) | |
| 830 | 0 | |a Biblical Studies, Ancient Near East and Early Christianity E-Books Online, Collection 2008, ISBN: 9789004222717. | |
| 856 | 4 | |z DOI: |u http://dx.doi.org/10.1163/ej.9789004170384.i-386 | |
| 942 | |c EBOOK | ||
| 952 | |0 0 |1 0 |4 0 |7 1 |9 13630 |a BRILL |b BRILL |d 2021-06-02 |l 0 |r 2021-06-02 00:00:00 |w 2021-06-02 |y EBOOK | ||
| 994 | |a C0 |b NEIDC | ||
| 999 | |c 35082 |d 35082 | ||
